| 000 | 00587nam a22001695i 4500 | ||
|---|---|---|---|
| 001 | 165852 | ||
| 003 | ES-MaACL | ||
| 005 | 20230906213222.0 | ||
| 008 | 960520s1882 sp |||| | spa d | ||
| 040 |
_aCLM _bspa _cCCPB | SIC |
||
| 080 | _a821.134.2-14"18" | ||
| 100 | 1 |
_aSuarez Castiello, Luis. _9132941 |
|
| 245 | 1 | 0 |
_aAmor que mata _b: (poema) / _cLuis Suárez Castiello. |
| 260 |
_aMadrid : _b[s.n.], _c1882 ( _fTip. Correspondencia ilustrada) |
||
| 300 |
_a32 p. ; _c17 cm. |
||
| 852 |
_aES-MaACL _jT-401-F-2 _z-- Enc. hol., falto de la enc. original _z-- Enc. en un vol. facticio |
||
| 999 |
_c165852 _d165852 |
||